000 00521nam a2200193Ia 4500
005 20250508162456.0
008 008 250505s9999 xx 000 0 eng d
037 _aTextual
040 _aFEDL
_beng
_cFEDL
041 _aeng
_2eng
084 _a158.12, DEK
_qFEDL
100 _aDekart Rene
_9773235
245 0 _aManan
260 _aJaipur, India
_bRajasthan Hindi Granth Akademi
_c1977
300 _a90p.
650 _aApplied Psychology
942 _cTEXL
_h158.12, DEK
999 _c1376787
_d1376787